000
00300nam a22001457a 4500
008
210308b ||||| |||| 00| 0 eng d
020
_a
0205084168
041
_a
eng
080
_a
541
082
_a
541
100
_a
12
101
_a
KIM
245
_a
Chemistry
_c
Gillespie, R.J
942
_2
udc
_c
BK
999
_c
55960
_d
55960